[Event "ch-Europe Internet Blitz"]
[Site "playchess.com INT"]
[Date "2003.11.09"]
[Round "1.1"]
[White "Plaskett,J"]
[Black "Soloviov,S"]
[Result "1/2-1/2"]
[WhiteElo "2483"]
[BlackElo "2422"]

1.e4 g6 2.d4 Bg7 3.Nc3 d6 4.f4 a6 5.Nf3 b5 6.Bd3 Nd7 7.Qe2 c5 8.dxc5 Nxc5
9.Be3 Bb7 10.O-O-O Bxc3 11.Bxc5 Qa5 12.Bd4 Bxd4 13.Nxd4 Qxa2 14.Bxb5+ Kf8
15.Bc4 Qa1+ 16.Kd2 Qxb2 17.Qd3 Qb4+ 18.c3 Qc5 19.Rb1 Qc7 20.e5 Nh6 21.Rhe1 d5
22.Ba2 Kg7 23.f5 Rhc8 24.Qg3 Ng8 25.e6 Qa5 26.Rb2 Nf6 27.exf7 Ne4+ 28.Rxe4 dxe4
29.Ne6+ Kxf7 30.fxg6+ hxg6 31.Qf4+ Kg8 32.Nc5+ Kg7 33.Ne6+ Kg8 34.Nc5+ Kg7
35.Qe5+ Kh6 36.Qf4+ g5 37.Qe5 e3+ 38.Qxe3 Qxc5 39.Qe6+ Kh5 40.Qf7+ Kh6 41.Qe6+ Kh5
42.Qf7+ Kh6 43.Qe6+  1/2-1/2

[Event "TCh-AUT B Mitte 2003-4"]
[Site "St Veit AUT"]
[Date "2003.11.09"]
[Round "2"]
[White "Horvath,Ad"]
[Black "Pflug,M"]
[Result "1-0"]
[WhiteElo "2513"]
[BlackElo "2236"]

1.e4 d6 2.d4 g6 3.Nc3 Bg7 4.h4 h5 5.Be3 a6 6.Nh3 Nf6 7.f3 b5 8.Ng5 Nbd7 9.e5 dxe5
10.dxe5 Nxe5 11.Qxd8+ Kxd8 12.Bd4 Nfd7 13.f4 c5 14.Bxe5 Nxe5 15.fxe5 Ke8
16.e6 f6 17.Nge4 Bxe6 18.Nxc5 Bf5 19.Nxa6  1-0

[Event "FSIM November"]
[Site "Budapest HUN"]
[Date "2003.11.10"]
[Round "10"]
[White "Meszaros,T"]
[Black "Poulsen,Ma"]
[Result "1-0"]
[WhiteElo "2321"]
[BlackElo "2252"]

1.e4 d6 2.d4 g6 3.Nc3 Bg7 4.Be3 a6 5.Qd2 Nd7 6.f3 b5 7.a4 b4 8.Nd1 c5 9.d5 a5
10.h4 h5 11.c4 bxc3 12.Nxc3 Ne5 13.Bb5+ Bd7 14.Be2 Rb8 15.g4 Rb4 16.g5 Nc4
17.Bxc4 Rxc4 18.Nge2 Rb4 19.O-O Qb6 20.f4 Rxb2 21.Rab1 Rb4 22.f5 gxf5 23.exf5 Qc7
24.Rxb4 axb4 25.Ne4 Bxa4 26.f6 exf6 27.gxf6 Nxf6 28.Nxf6+ Bxf6 29.Rxf6 Qe7
30.Bg5 Qe5 31.Rf3 Qa1+ 32.Kf2 f5 33.Rxf5 Rf8 34.Rxf8+ Kxf8 35.Qf4+ Kg7 36.Qxd6 b3
37.Qe7+ Kg8 38.Bf6  1-0

[Event "ch-IND A Women"]
[Site "Calicut IND"]
[Date "2003.11.10"]
[Round "2"]
[White "Swathi,G"]
[Black "Meenakshi,S"]
[Result "1-0"]
[WhiteElo "2309"]
[BlackElo "2288"]

1.e4 g6 2.d4 Bg7 3.Nc3 d6 4.Be3 Nd7 5.Qd2 a6 6.f3 b5 7.a4 b4 8.Nd1 c5 9.c3 Rb8
10.cxb4 cxb4 11.a5 d5 12.Bd3 e5 13.Ne2 Ne7 14.O-O O-O 15.Bg5 exd4 16.exd5 Nc5
17.Bc4 d3 18.Nc1 Qd6 19.Ne3 Nf5 20.Ng4 Ne6 21.dxe6 Qc5+ 22.Kh1 Qxc4 23.exf7+ Rxf7
24.Nxd3 Rd7 25.Rfd1 Qd4 26.Qe2 Bb7 27.Nde5 Bxe5 28.Nxe5 Re8 29.Rxd4 Rxd4
30.Re1 Rd5 31.Bf4 g5 32.Qc2 Nd6 33.Bg3 Nf7 34.Nxf7  1-0

[Event "1st Chesspangenberg Open"]
[Site "Buenos Aires ARG"]
[Date "2003.11.11"]
[Round "7"]
[White "Converset,J"]
[Black "Fiorito,F"]
[Result "1/2-1/2"]
[WhiteElo "2238"]
[BlackElo "2420"]

1.e4 g6 2.d4 Bg7 3.Nc3 d6 4.Be3 Nd7 5.Qd2 a6 6.a4 b6 7.g4 c5 8.d5 h6 9.h3 Ngf6
10.f4 Qc7 11.Nf3 Bb7 12.Bc4 Kf8 13.O-O Kg8 14.Qf2 Ne8 15.e5 b5 16.axb5 Nb6
17.bxa6 Nxc4 18.axb7 Rxa1 19.Rxa1 Qxb7 20.b3 Nxe3 21.Qxe3 Kh7 22.Qd3 Nc7
23.Re1 Rd8 24.exd6 exd6 25.Re7 Kg8 26.Re2 Bxc3 27.Qxc3 Nxd5 28.Qd2 Nf6 29.Qd3 Ra8
30.Ne1 d5 31.Qe3 Qb5 32.Qd3 Qb4 33.Ng2 Qb6 34.Kh2 Qc7 35.Qc3 Qb6 36.g5 hxg5
37.fxg5 Nd7 38.Qf3 Qd6+ 39.Qf4 Qxf4+ 40.Nxf4 Nb6 41.Re5 Rd8 42.c4 dxc4 43.bxc4 Rd4
44.Nd5 Nxd5 45.cxd5 c4 46.Re8+ Kg7 47.Rc8 Rxd5 48.h4 Rd2+ 49.Kg3 Rd3+ 50.Kf4 c3
51.Ke5 Rh3 52.Kd6 Rxh4 53.Rxc3 Rd4+ 54.Ke7 Re4+ 55.Kd6 Rf4 56.Rc5 Rf1 57.Ra5 Re1
58.Rb5 Re6+ 59.Kd5 Re8 60.Kd6 Re4 61.Ra5 Rf4 62.Rb5 Rd4+ 63.Ke5 Rg4 64.Kd6 Re4
65.Ra5 f5 66.Ra7+ Kf8 67.Ra8+ Re8 68.Ra4 Kg8 69.Rb4 Kf8 70.Ra4 Re7 71.Ra8+ Kf7
72.Ra4 Re6+ 73.Kd5 Re1 74.Ra7+ Re7 75.Ra4 Kg7 76.Kd6 Kf7 77.Kd5 Rb7 78.Ke5 Rb5+
79.Kf4 Rb7 80.Ke5 Ke7 81.Ra6 Kf7 82.Ra4 Rb5+ 83.Kf4 Rd5 84.Ra7+ Ke6 85.Rg7 Rd4+
86.Ke3 Rg4 87.Rxg6+ Ke5 88.Kf3 Ra4 89.Rb6 Ra3+ 90.Kf2 Kf4 91.g6 Ra2+ 92.Kf1 Ra1+
93.Kf2 Ra2+ 94.Kf1 Ra1+  1/2-1/2

[Event "1st GM"]
[Site "Nagykanizsa HUN"]
[Date "2003.11.11"]
[Round "7"]
[White "Balogh,C"]
[Black "Vajda,L"]
[Result "1-0"]
[WhiteElo "2449"]
[BlackElo "2537"]

1.e4 g6 2.d4 Bg7 3.Nc3 d6 4.Bg5 c6 5.Qd2 Qa5 6.f4 b5 7.Nf3 Nd7 8.Bd3 Nb6
9.O-O Bg4 10.e5 d5 11.a4 Bxf3 12.axb5 Qb4 13.Rxf3 Qxd4+ 14.Qf2 Qxf2+ 15.Kxf2 c5
16.Nxd5 Nxd5 17.Be4 e6 18.c4 f5 19.cxd5 fxe4 20.Rfa3 Nh6 21.Rxa7 Rxa7 22.Rxa7 O-O
23.dxe6 Nf5 24.b6 e3+ 25.Ke1 Rb8 26.b7 Bf8 27.e7  1-0

[Event "ch-UKR w"]
[Site "Nikolaev UKR"]
[Date "2003.11.11"]
[Round "8"]
[White "Muzychuk,A"]
[Black "Rohonyan,K"]
[Result "1-0"]
[WhiteElo "2325"]
[BlackElo "2369"]

1.e4 g6 2.d4 Bg7 3.Nc3 d6 4.Nf3 a6 5.a4 Nf6 6.Be2 O-O 7.O-O Nc6 8.h3 e5 9.dxe5 dxe5
10.Qxd8 Rxd8 11.Bc4 Be6 12.Bxe6 fxe6 13.Be3 Nd4 14.Rac1 Nh5 15.Rfd1 Rd6 16.Nd2 b5
17.axb5 axb5 18.Nb3 Rb8 19.Kf1 Kf7 20.g4 Nxb3 21.cxb3 Nf4 22.Ne2 Rxd1+ 23.Rxd1 g5
24.Rd7+ Kg6 25.h4 Ra8 26.h5+ Kh6 27.Nxf4 exf4 28.Bd4 Bxd4 29.Rxd4 Ra2 30.Rd2 Kg7
31.Rd7+ Kf6 32.Rxh7 Ke5 33.Kg2 Kxe4 34.Rxc7 f3+ 35.Kg3 Ra1 36.h6 Rg1+ 37.Kh2 Rg2+
38.Kh3 Rxf2 39.h7 Rf1 40.Kh2 f2 41.Rf7 Rd1 42.h8=Q f1=Q 43.Rxf1 Rxf1 44.Qe8 Rf2+
45.Kg1 Rf4 46.Qxe6+ Kf3 47.Qd5+ Kxg4 48.Qxb5 Kh3 49.Qxg5 Rg4+ 50.Qxg4+ Kxg4
51.Kf2  1-0

[Event "ch-UKR"]
[Site "Simferopol UKR"]
[Date "2003.11.11"]
[Round "8"]
[White "Karjakin,Sergey"]
[Black "Zubov,A UKR"]
[Result "1/2-1/2"]
[WhiteElo "2562"]
[BlackElo "2521"]

1.e4 g6 2.d4 Bg7 3.Nc3 d6 4.f4 Nf6 5.Nf3 O-O 6.Bd3 Nc6 7.O-O e5 8.fxe5 dxe5
9.d5 Nd4 10.Nxe5 Nxd5 11.Nxd5 Bxe5 12.Bf4 Qd6 13.Qd2 c6 14.Bxe5 Qxe5 15.Nf6+ Kg7
16.c3 Ne6 17.b4 a5 18.Rad1 b5 19.a3 axb4 20.axb4 Ra7 21.Qf2 Rc7 22.Bb1 Qxc3
23.Qh4 Rh8 24.Rd3 Qe5 25.Ba2 h6 26.Qf2 h5 27.Kh1 Ng5 28.Qe1 h4 29.h3 Re7
30.Rc3 Be6 31.Rc5 Qd4 32.Bxe6 Rxe6 33.e5 Ra8 34.Kh2 Ra2 35.Ng4 Qd2 36.Qxd2 Rxd2
37.Rf4 Nh7 38.Rc1 Rb2 39.Rd1 Re7 40.Rd8 Re2 41.Nf6 Nf8 42.Ne8+ Kg8 43.Nf6+ Kg7
44.Ne8+ Kg8  1/2-1/2

[Event "ch-UKR"]
[Site "Simferopol UKR"]
[Date "2003.11.11"]
[Round "8"]
[White "Kruglyakov,P"]
[Black "Kurbetdinov,R"]
[Result "1/2-1/2"]
[WhiteElo "2066"]
[BlackElo "2409"]

1.e4 g6 2.d4 Bg7 3.Nc3 d6 4.Nge2 Nf6 5.g3 O-O 6.Bg2 e5 7.h3 a6 8.a4 Nc6 9.Be3 exd4
10.Nxd4 Bd7 11.O-O Re8 12.Re1 Nxd4 13.Bxd4 c5 14.Be3 Qb6 15.Qd3 Rad8 16.a5 Qc7
17.Bg5 Bc6 18.Qf3 Re6 19.Nd5 Bxd5 20.exd5 Rxe1+ 21.Rxe1 Re8 22.Rxe8+ Nxe8
23.Qe2 Kf8 24.c4 h6 25.Bd2 h5 26.b3 Qe7 27.Qxe7+ Kxe7 28.g4 hxg4 29.hxg4 f5
30.Bh3 fxg4 31.Bxg4 Kd8 32.Be6 Nf6 33.Bf4 Kc7 34.Bf7 Ng4 35.Bxg6 Bc3 36.Bf5 Ne5
37.Bxe5 dxe5 38.Kg2 Bxa5 39.Kf3 Bc3 40.Ke4 b5 41.Kd3 Bd4 42.f3 Bf2 43.Bg4 Bg3
44.Bf5 Bh4 45.Bg4 Be7 46.Bf5 Kb6 47.Bc8 Bd6 48.Bd7 Bf8 49.Bc8 a5 50.Bd7 a4
51.bxa4 bxa4 52.Bxa4 Kc7  1/2-1/2

[Event "1st Chesspangenberg Open"]
[Site "Buenos Aires ARG"]
[Date "2003.11.12"]
[Round "8"]
[White "Zarnicki,P"]
[Black "Rodriguez,And URU"]
[Result "1-0"]
[WhiteElo "2513"]
[BlackElo "2498"]

1.e4 g6 2.d4 d6 3.Nc3 Bg7 4.Be3 Nd7 5.g3 e5 6.Bg2 Nh6 7.h3 exd4 8.Bxd4 Ne5
9.f4 c5 10.Bxe5 dxe5 11.Qxd8+ Kxd8 12.O-O-O+ Bd7 13.Nd5 Re8 14.Nf3 Kc8 15.Nxe5 Bxe5
16.fxe5 Rxe5 17.Nf6 Bc6 18.Ng4 Nxg4 19.hxg4 Kc7 20.Rxh7 Rf8 21.Rf1 Be8 22.Kd2 Kd6
23.Ke3 Ke7 24.Kf4 Re6 25.Rd1 Bc6 26.g5 Ke8 27.Rd2 Ke7 28.c4 Rb8 29.b3 b5
30.Rc2 bxc4 31.Rxc4 Rb4 32.Rxb4 cxb4 33.Rh1 Bd7 34.Rc1 Ra6 35.Rc7 Kd8 36.Rc2 Ra3
37.Bf1 a5 38.Bc4 Ke7 39.Ke5 a4 40.Rf2 Be8 41.Kd4 axb3 42.axb3 Ra5 43.Bd5 Ra1
44.Kc5 Rh1 45.Kxb4 Rh5 46.Kc5 Rxg5 47.Rf3 f5 48.exf5 gxf5 49.Re3+ Kf8 50.b4 Rg4
51.Rf3 Ke7 52.b5 Bxb5 53.Kxb5 Kd6 54.Bb7 Ke5 55.Bc8 Ke4 56.Rc3 Rg8 57.Be6 Re8
58.Bd7 Rg8 59.Kc5 Rg5 60.Bc6+ Ke5 61.Re3+ Kf6 62.Kd6 Rg4 63.Bd7 Rd4+ 64.Kc6 f4
65.Re6+ Kf7 66.g4 f3 67.Re1 Kf6 68.Rf1 Rf4 69.Kd5 f2 70.Bf5 Kg5 71.Ke5 Rf3
72.Ke4 Rf4+ 73.Ke3  1-0

[Event "7th BayEM"]
[Site "Bad Wiessee GER"]
[Date "2003.11.14"]
[Round "7"]
[White "Schmaltz,R"]
[Black "Zysk,R"]
[Result "1/2-1/2"]
[WhiteElo "2519"]
[BlackElo "2448"]

1.e4 g6 2.d4 Bg7 3.Nc3 d6 4.Nf3 Nf6 5.Be2 O-O 6.O-O c6 7.a4 Nbd7 8.Be3 Qc7
9.a5 Rb8 10.Nd2 b5 11.axb6 axb6 12.f4 e5 13.dxe5 dxe5 14.f5 gxf5 15.Rxf5 Nc5
16.Rf1 Ne6 17.Qe1 Nf4 18.Qg3 Nxe2+ 19.Nxe2 Ng4 20.Bd4 Qe7 21.Bc3 b5 22.b4 c5
23.Rab1 Rb6 24.h3 Nh6 25.Qe3 Rg6 26.Kh1 c4 27.Ra1 f5 28.Ra7 Bb7 29.Rf3 Rf7
30.Qf2 f4 31.Ng1 Qc7 32.Qe2 Qb6 33.Ra1 Rd7 34.Re1 Nf7 35.Rff1 Rg3 36.Ngf3 Rg6
37.Nh4 Rg3 38.Rf3 Rxf3 39.Qxf3 Qe6 40.Qh5 Nd6 41.Nhf3 Nf7 42.Ra1 Qg6 43.Qxg6 hxg6
44.Ra5 Bc6 45.Ra6 Rc7 46.Rb6 g5 47.Kg1 Kf8 48.Kf2 Ke7 49.g3 Bf6 50.Nh2 Bd7
51.gxf4 gxf4 52.Ng4 Bxg4 53.hxg4 Ra7 54.g5 Nxg5 55.Rxb5 Ra2 56.Bxe5 Rxc2
57.Ke1 c3 58.Bxf4 Ne6 59.Rb7+ Kd8 60.Be3 cxd2+ 61.Bxd2 Ra2 62.Be3 Nd4 63.Bxd4 Bxd4
64.Kd1 Be5 65.Rb5 Bc7 66.Rd5+ Ke7 67.Rd2 Ra4 68.Rd4 Ke6 69.Kc2 Be5 70.Kb3 Ra1
71.Rc4 Kd6 72.Kc2  1/2-1/2

[Event "TCh-FIN 2003-4"]
[Site "Finland FIN"]
[Date "2003.11.15"]
[Round "4"]
[White "Heinimaki,L"]
[Black "Nivala,T"]
[Result "0-1"]
[WhiteElo "2064"]
[BlackElo "2196"]

1.d4 g6 2.e4 Bg7 3.Nc3 d6 4.Nf3 Nf6 5.h3 a6 6.Be3 b5 7.e5 Nfd7 8.Ng5 Nb6
9.e6 Bxe6 10.Nxe6 fxe6 11.h4 Nc6 12.h5 gxh5 13.Qxh5+ Kd7 14.O-O-O Qe8 15.d5 Nxd5
16.Rxd5 Bxc3 17.Qh3 Nb4 18.Rh5 Qg6 19.Bd3 Nxd3+ 20.cxd3 Bg7 21.Bd2 Qf6 22.Bc3 Qf4+
23.Bd2 Qxf2 24.Re1 Bxb2+ 25.Kd1 Be5 26.Re4 Qg3  0-1

[Event "TCh-FIN 2003-4"]
[Site "Finland FIN"]
[Date "2003.11.15"]
[Round "4"]
[White "Pulkkinen,K"]
[Black "Hartikainen,M"]
[Result "1-0"]
[WhiteElo "2314"]
[BlackElo "2300"]

1.e4 g6 2.d4 Bg7 3.Nc3 d6 4.Be3 a6 5.a4 Nf6 6.h3 O-O 7.g4 c5 8.Nge2 cxd4
9.Nxd4 Nc6 10.Bg2 Ne5 11.b3 Bd7 12.O-O e6 13.f4 Nc6 14.Nde2 Qc7 15.Qd2 Rfd8
16.Rad1 d5 17.exd5 exd5 18.g5 Ne4 19.Bxe4 dxe4 20.Nd5 Qb8 21.Bb6 Bxh3 22.Bxd8 Bxf1
23.Bc7 Bxe2 24.Bxb8 Bxd1 25.Be5 Nxe5 26.fxe5 Bf3 27.Nf6+ Kh8 28.Qd5 Rf8 29.Kf2 h6
30.c4 hxg5 31.Nd7 Rd8 32.Qxf7 Bh5 33.e6  1-0

[Event "British Rapidplay"]
[Site "Halifax ENG"]
[Date "2003.11.16"]
[Round "10"]
[White "Gwaze,R"]
[Black "Davies,N"]
[Result "1/2-1/2"]
[WhiteElo "2340"]
[BlackElo "2491"]

1.e4 g6 2.d4 Bg7 3.Nc3 d6 4.Be3 a6 5.Qd2 Nd7 6.O-O-O b5 7.f3 Bb7 8.h4 h5
9.Kb1 Rc8 10.Nh3 c5 11.dxc5 Nxc5 12.Bd4 Nf6 13.Nd5 e5 14.Nxf6+ Bxf6 15.Be3 Bxh4
16.Qxd6 Qxd6 17.Rxd6 Be7 18.Rd2 Ne6 19.Be2 Bc6 20.Nf2 O-O 21.Nd3 f6 22.Nc1 Rfd8
23.Rhd1 Rxd2 24.Rxd2 Rd8 25.Rxd8+ Bxd8 26.a4 Kf7 27.Na2 Be7 28.axb5 axb5
29.Nc3 Nd4 30.Bxd4 exd4 31.Bxb5 dxc3 32.Bxc6 cxb2 33.Kxb2 Bd6 34.Kc3 g5 35.Kd4 h4
36.Bd7 Ke7 37.Bf5 Kd8 38.Kd5 Kc7 39.c4 Be5 40.c5 Bb2 41.c6 Ba1 42.Bd7 Bb2
43.Ke6 Ba1 44.Kf5 Be5 45.f4 gxf4 46.Kg4 Kb6 47.Kxh4  1/2-1/2

[Event "Fakel Jamala"]
[Site "Noyabrsk RUS"]
[Date "2003.11.20"]
[Round "3"]
[White "Farakhov,R"]
[Black "Rogovski,V"]
[Result "1/2-1/2"]
[WhiteElo "2383"]
[BlackElo "2474"]

1.e4 g6 2.d4 Bg7 3.Nc3 d6 4.Be3 c6 5.Qd2 b5 6.Bd3 Nd7 7.Nf3 a6 8.a4 Bb7 9.O-O Ngf6
10.Bh6 O-O 11.Bxg7 Kxg7 12.e5 Ne8 13.Qf4 dxe5 14.Nxe5 Qc7 15.Qg3 Nef6 16.Rfe1 Rad8
17.Nf3 Qxg3 18.hxg3 e6 19.axb5 cxb5 20.Ne4 Nxe4 21.Bxe4 Bxe4 22.Rxe4 Rc8
23.c3 Rc6 24.Ne5 Nxe5 25.Rxe5 Rd8 26.Rc5 Rdd6 27.Rxc6 Rxc6 28.Kf1 b4 29.Rc1 bxc3
30.bxc3 Kf6 31.Ke2 Rb6 32.Rc2 Ke7 33.Kd3 Kd6 34.Ra2 Kc6 35.g4 Kb7 36.Kc2 Rb5
37.f4 h5 38.c4 Rb4 39.Kc3 Rb1 40.gxh5 gxh5 41.Rb2+ Rxb2 42.Kxb2 h4 43.Kb3 Kb6
44.Kb4 f6 45.Ka4 a5 46.Kb3 Kc6 47.Ka3 Kc7 48.Ka4 Kb6 49.Kb3 Kc6 50.Ka3  1/2-1/2

[Event "TCh-SLO"]
[Site "Celje SLO"]
[Date "2003.11.21"]
[Round "7"]
[White "Mazi,L"]
[Black "Sermek,D"]
[Result "1/2-1/2"]
[WhiteElo "2422"]
[BlackElo "2568"]

1.e4 g6 2.d4 Bg7 3.Nc3 d6 4.Be3 Nd7 5.Qd2 a6 6.Nf3 b5 7.a4 b4 8.Ne2 Rb8 9.Ng3 Ngf6
10.h3 c5 11.e5 cxd4 12.Nxd4 Nxe5 13.f4 Ned7 14.Nc6 Qc7 15.Nxb8 Qxb8 16.Be2  1/2-1/2

[Event "Claude Pecaut Mem"]
[Site "Taormina ITA"]
[Date "2003.11.23"]
[Round "9"]
[White "Calzetta,M"]
[Black "Movsziszian,K"]
[Result "0-1"]
[WhiteElo "2274"]
[BlackElo "2475"]

1.e4 g6 2.d4 Bg7 3.Nc3 d6 4.Be3 c6 5.Qd2 b5 6.Bd3 Nd7 7.Nf3 Qc7 8.a4 b4 9.Ne2 c5
10.c3 c4 11.Bb1 b3 12.a5 e5 13.Ng3 h5 14.h4 Ngf6 15.O-O Ng4 16.Ng5 Ndf6 17.f4 Nxe3
18.Qxe3 Ng4 19.Qd2 O-O 20.f5 Bd7 21.Rf3 a6 22.Kh1 Rfe8 23.d5 Rac8 24.Nf1 Bh6
25.Qe1 Qd8 26.Nh3 Kh7 27.Nh2 Rg8 28.fxg6+ fxg6 29.Nxg4 hxg4 30.Rf7+ Rg7 31.Rxg7+ Kxg7
32.Ng1 Bc1 33.Nf3  0-1

[Event "Cultural Village"]
[Site "Wijk aan Zee NED"]
[Date "2003.11.24"]
[Round "1"]
[White "Bezemer,A"]
[Black "Langheinrich,F"]
[Result "0-1"]
[WhiteElo "2355"]
[BlackElo "2384"]

1.d4 g6 2.e4 Bg7 3.Nc3 d6 4.Bc4 e6 5.Nf3 Ne7 6.O-O a6 7.a4 b6 8.Bg5 h6 9.Bh4 Bb7
10.e5 d5 11.Bb3 c5 12.Ne2 cxd4 13.Nexd4 Nd7 14.Re1 g5 15.Bg3 Nc5 16.c3 Ne4
17.Bc2 Nxg3 18.hxg3 Qc7 19.Qe2 g4 20.Nd2 h5 21.Rad1 Nc6 22.Nxc6 Qxc6 23.Qf1 h4
24.Nb3 O-O-O 25.Nd4 Qc7 26.Qe2 hxg3 27.fxg3 Rh6 28.Bd3 Rdh8 29.Kf2 Rh5 30.Bxa6 Bxe5
31.Bxb7+ Kxb7 32.Qxg4 R5h6 33.Qg5 Rf6+ 34.Nf3 Rf5 35.Qg4 Rh7 36.Qb4 Bxg3+
37.Ke2 Bxe1  0-1

[Event "Cultural Village"]
[Site "Wijk aan Zee NED"]
[Date "2003.11.28"]
[Round "4"]
[White "Bezemer,A"]
[Black "Wohl,A"]
[Result "1-0"]
[WhiteElo "2355"]
[BlackElo "2379"]

1.e4 g6 2.d4 Bg7 3.Nc3 d6 4.Be3 a6 5.Qd2 b5 6.a4 b4 7.Nd1 Nf6 8.f3 a5 9.Bh6 O-O
10.Bxg7 Kxg7 11.Bd3 e5 12.c3 bxc3 13.bxc3 Nbd7 14.Ne2 d5 15.exd5 exd4 16.cxd4 Nxd5
17.O-O Nb4 18.Be4 Rb8 19.Nf2 Nf6 20.Rfd1 Ba6 21.Nc1 Bc4 22.Qc3 Bd5 23.Ncd3 Nxd3
24.Bxd3 Rb4 25.Ne4 Bxe4 26.Bxe4 Qd6 27.Bc6 Rfb8 28.Rac1 Nh5 29.Bb5 Nf4 30.Qxc7 Qxc7
31.Rxc7 Rb2 32.g3 Nh3+ 33.Kf1 Rxh2 34.d5 Rd8 35.Rd3 Ng5 36.d6 Ne6 37.Rc4 h5
38.d7 Kf6 39.Rd6 Ke7 40.Ra6 g5 41.Rxa5 h4 42.gxh4 gxh4 43.Bc6 h3 44.Rh5 Rg8
45.Rg4 Rb8 46.Bb5 Rb6 47.Rg8 Rd6 48.Re8+ Kf6 49.Rh6+ Kg7 50.Rhxe6 fxe6 51.d8=Q Rxd8
52.Rxd8 Rg2 53.Rd4 Kf6 54.Rh4 Rg3 55.Kf2 Rg2+ 56.Kf1 Rg3 57.Be2  1-0

[Event "TCh-SWE 2003-4"]
[Site "Malmo SWE"]
[Date "2003.11.29"]
[Round "4"]
[White "Landgren,A"]
[Black "Burwick,M"]
[Result "1/2-1/2"]
[WhiteElo "2196"]
[BlackElo "2257"]

1.d4 g6 2.e4 Bg7 3.Nc3 d6 4.Be3 a6 5.Qd2 b5 6.a4 b4 7.Nd1 a5 8.c3 bxc3 9.bxc3 Nf6
10.Bd3 Ba6 11.Ne2 Bxd3 12.Qxd3 Nbd7 13.f3 O-O 14.O-O c6 15.Nf2 e5 16.Rfd1 d5
17.Rab1 Qc7 18.c4 dxe4 19.Nxe4 Nxe4 20.Qxe4 exd4 21.Bxd4 Rfe8 22.Qc2 Bxd4+  1/2-1/2

[Event "TCh-SWE 2003-4"]
[Site "Malmo SWE"]
[Date "2003.11.30"]
[Round "5"]
[White "Ong,Kez"]
[Black "Eriksson,Joh"]
[Result "0-1"]
[WhiteElo "2207"]
[BlackElo "2414"]

1.e4 g6 2.d4 Bg7 3.Nc3 d6 4.g3 Nf6 5.Bg2 O-O 6.Nge2 e5 7.h3 exd4 8.Nxd4 Re8
9.O-O Nc6 10.Be3 Bd7 11.Qd2 a6 12.f4 Na5 13.Qd3 c5 14.Nf3 Nxe4 15.Nxe4 Bb5
16.Qxd6 Bxf1 17.Qxd8 Raxd8 18.Rxf1 Rxe4 19.Bxc5 Nc6 20.c3 Re2 21.Rb1 Bf8
22.Bb6 Rd7 23.Kf1 Re6 24.Bf2 h6 25.a4 Re8 26.b4 Bg7 27.b5 axb5 28.axb5 Na5
29.Nd4 Rc8 30.Ra1 Rxc3 31.Ne2 Rf3 32.Rc1 Rfd3 33.Rc8+ Kh7 34.Be4 Rd1+ 35.Kg2 Re7
36.Bf3 Rd2 37.Kf1 Nb3 38.Be1 Rd3 39.Ng1 Nd4 40.Bb4 Rd7 41.Kg2 Nxf3 42.Nxf3 Rb3
43.Be1 Rxb5 44.Ne5 Re7 45.Bc3 Rb3 46.Bd4 b6 47.h4 Ra7 48.Rb8 Raa3 49.Bf2 Ra2
50.Rb7 Rbb2  0-1

[Event "ch-GRE"]
[Site "Aspropyrgos GRE"]
[Date "2003.12.02"]
[Round "4"]
[White "Skaperdas,K"]
[Black "Nikolaidis,I"]
[Result "0-1"]
[WhiteElo "2285"]
[BlackElo "2467"]

1.e4 g6 2.d4 Bg7 3.Nc3 d6 4.Be3 c6 5.a4 Nf6 6.h3 Qa5 7.Qd2 O-O 8.Nf3 Nbd7
9.Be2 e5 10.O-O exd4 11.Nxd4 Re8 12.Rfe1 Qc7 13.Bf3 Ne5 14.Be2 b6 15.f4 Ned7
16.Bf3 Bb7 17.g4 Nc5 18.Bf2 h6 19.Rad1 d5 20.exd5 Nxd5 21.Nxd5 cxd5 22.Nb5 Qd7
23.b3 a6 24.Nc3 d4 25.Bxb7 Qxb7 26.Bxd4 Qf3 27.Kh2 Rxe1 28.Qxe1 Bxd4 29.Rxd4 Ne6
30.Rd3 Qxf4+ 31.Qg3 Qc1 32.Qf2 Rc8 33.Kg3 Ng5 34.h4 Rxc3 35.hxg5 Rxd3+ 36.cxd3 Qc7+
37.Kh3 hxg5 38.Qf6 Qc5 39.d4 Qc3+ 40.Kh2 Qc2+ 41.Kg1 Qxb3 42.Qd8+ Kg7 43.d5 Qd1+
44.Kh2 Qe2+ 45.Kh1 Qf3+ 46.Kh2 Qf2+ 47.Kh3 Qh4+ 48.Kg2 Qxg4+ 49.Kf1 Qf3+
50.Ke1 g4 51.d6 Qe3+ 52.Kd1 g3 53.Qe7 Qd4+ 54.Ke2 g2 55.d7 g1=Q 56.d8=Q Qgf2+  0-1

[Event "33rd Rilton Cup"]
[Site "Stockholm SWE"]
[Date "2003.12.02"]
[Round "6"]
[White "Andersson,Bj2"]
[Black "Nyback,T"]
[Result "0-1"]
[WhiteElo "2212"]
[BlackElo "2497"]

1.e4 g6 2.d4 Bg7 3.Nc3 d6 4.Be3 a6 5.Qd2 Nd7 6.Bc4 b5 7.Bb3 Ngf6 8.Nf3 b4
9.Ng5 O-O 10.Nd5 h6 11.e5 hxg5 12.exf6 Nxf6 13.Nxf6+ Bxf6 14.Bxg5 e5 15.Bxf6 Qxf6
16.O-O-O a5 17.Ba4 c5 18.dxe5 dxe5 19.Qe3 Be6 20.Rd6 c4 21.Rhd1 c3 22.Bd7 cxb2+
23.Kb1 a4 24.Bxe6 fxe6 25.Qh3 b3 26.cxb3 axb3 27.Qxb3 Qf5+ 28.Qd3 e4 29.g4 Qxg4
30.Qb3 Rxf2 31.Rxe6 Rf7 32.Rf6 Rf8 33.Rxf7 Rxf7 34.Rd8+ Kg7 35.Qxb2+ Rf6
36.a4 e3 37.Qb7+ Rf7 38.Qb2+ Rf6 39.Qb7+ Rf7 40.Qb2+ Rf6 41.Qb7+ Kh6 42.Rh8+ Kg5
43.h4+ Kf4 44.Re8 Qd1+ 45.Kb2 Qd4+  0-1

[Event "33rd Rilton Cup"]
[Site "Stockholm SWE"]
[Date "2003.12.02"]
[Round "6"]
[White "Osttveit,M"]
[Black "Hillarp Persson,T"]
[Result "0-1"]
[WhiteElo "2040"]
[BlackElo "2512"]

1.e4 g6 2.d4 Bg7 3.Nc3 d6 4.Bc4 Nf6 5.Qe2 Nc6 6.e5 Ng4 7.Nf3 dxe5 8.Bg5 exd4
9.O-O-O O-O 10.h4 h5 11.Nd5 Nf6 12.Nf4 Bf5 13.c3 Ne4 14.cxd4 Qd6 15.Nd5 Nxg5
16.hxg5 b5 17.Bb3 a5 18.Ne5 a4 19.Bc4 Bxe5 20.dxe5 Qc5 21.Rh4 Rfd8 22.Nxc7 Rxd1+
23.Kxd1 Rd8+ 24.Ke1 bxc4  0-1

[Event "Kurent Men"]
[Site "Ptuj SLO"]
[Date "2003.12.04"]
[Round "7"]
[White "Illijin,N"]
[Black "Koziak,V"]
[Result "0-1"]
[WhiteElo "2271"]
[BlackElo "2460"]

1.e4 g6 2.d4 Bg7 3.Nc3 d6 4.Be3 a6 5.Qd2 Nd7 6.Nf3 b5 7.a3 Bb7 8.Bd3 e5 9.O-O Ngf6
10.dxe5 dxe5 11.Rad1 O-O 12.Rfe1 Qe7 13.Bg5 Rfe8 14.a4 b4 15.Na2 a5 16.Bb5 c6
17.Bf1 Nc5 18.c3 Ncxe4 19.Qe3 Nxg5 20.Qxg5 Qe6 21.Nc1 Nd5 22.Nd3 bxc3 23.Nc5 Qe7
24.Qxe7 Rxe7 25.bxc3 Nxc3 26.Rc1 e4 27.Ng5 Rae8 28.Bc4 Bc8 29.Re3 Nd5 30.Rxe4 Bh6
31.Rxe7 Rxe7 32.h4 f6 33.Nce4 Be6 34.Bxd5 cxd5 35.Nxf6+ Kg7 36.Nxd5 Bxd5
37.Rc5 Bb7 38.Rxa5 Kg8 39.Ra7 Bf8 40.Ne6 Bc8 41.Rxe7 Bxe7 42.Nd4 Bxh4 43.g3 Bf6  0-1

[Event "TCh-AUT B Mitte 2003-4"]
[Site "Trofaiach AUT"]
[Date "2003.12.07"]
[Round "4"]
[White "Riedner,M"]
[Black "Rolletschek,H"]
[Result "0-1"]
[WhiteElo "2189"]
[BlackElo "2309"]

1.d4 g6 2.e4 Bg7 3.Nc3 d6 4.Bg5 c6 5.Qd2 Nf6 6.Bh6 O-O 7.Nf3 Qa5 8.Bd3 e5
9.Bxg7 Kxg7 10.Be2 Bg4 11.O-O Nbd7 12.h3 Bxf3 13.Bxf3 Rfe8 14.Rfe1 Nf8 15.d5 cxd5
16.exd5 Rac8 17.a3 h6 18.Rad1 Ng8 19.g3 f5 20.Bg2 Nd7 21.Kh2 Ngf6 22.f4 Qc5
23.Bf1 a6 24.a4 Qb4 25.Rb1 Qd4 26.Red1 Qxd2+ 27.Rxd2 exf4 28.gxf4 Ne4 29.Nxe4 Rxe4
30.Kg3 Nf6 31.Be2 Rxa4 32.Bf3 Ne4+ 33.Bxe4 Rxe4 34.h4 Kf6 35.Rf1 a5 36.b3 Rc3+
37.Rf3 Ree3 38.Rxe3 Rxe3+ 39.Kg2 b5 40.Kh2 a4 41.bxa4 bxa4 42.Kg2 a3 43.c4 Rb3  0-1

[Event "ch-IND National A"]
[Site "Calicut IND"]
[Date "2003.12.08"]
[Round "7"]
[White "Sareen,V"]
[Black "Roktim,B"]
[Result "1/2-1/2"]
[WhiteElo "2367"]
[BlackElo "2352"]

1.e4 g6 2.d4 Bg7 3.Nc3 d6 4.Be3 c6 5.a4 Nf6 6.Nf3 O-O 7.h3 Nbd7 8.Qd2 e5
9.dxe5 dxe5 10.Rd1 Qe7 11.Qd6 Qxd6 12.Rxd6 Re8 13.Rd1 Bf8 14.Nd2 Bb4 15.f3 Nc5
16.Ra1 Ne6 17.Nc4 Nd4 18.Bd3 Nd7 19.O-O Nc5  1/2-1/2

[Event "22nd SEA Games Team Standard"]
[Site "Ho Chi Minh City VIE"]
[Date "2003.12.08"]
[Round "4"]
[White "Goh Weiming"]
[Black "Villamayor,B"]
[Result "1-0"]
[WhiteElo "2303"]
[BlackElo "2484"]

1.e4 g6 2.d4 Bg7 3.Nc3 d6 4.Be3 c6 5.Qd2 Nd7 6.f3 b5 7.g4 Bb7 8.h4 h5 9.g5 e5
10.d5 b4 11.dxc6 bxc3 12.Qxc3 Ne7 13.cxb7 Rb8 14.Ba6 O-O 15.Bxa7 Nc5 16.Bxb8 Qxb8
17.Bc4 Qxb7 18.O-O-O Rb8 19.a3 Na4 20.Qb3 Qa7 21.Bb5 Nc5 22.Qc4 d5 23.exd5 Nf5
24.a4 Ne3 25.Qb4 Bf8 26.Qc3 Nxd1 27.Kxd1 Nxa4 28.Bxa4 Qxa4 29.b3 Qa2 30.Ke2 Qb1
31.Kf2 Bb4 32.Qc4 Qe1+ 33.Kg2 Qe3 34.Nh3 Bc5 35.Rd1 Bd6 36.Qd3 Qc5 37.Nf2 Rc8
38.c4 Ra8 39.Ne4 Qb4 40.Qc3 Ra2+ 41.Kg3 Qb6 42.c5 Qa6 43.Qd3  1-0

[Event "21st Cairnhill Open"]
[Site "Singapore SIN"]
[Date "2003.12.08"]
[Round "3"]
[White "Nithiananthan,J"]
[Black "Ong Chong Ghee"]
[Result "0-1"]
[WhiteElo "2091"]
[BlackElo "2328"]

1.e4 g6 2.d4 Bg7 3.Nc3 d6 4.Be3 a6 5.Qd2 Nd7 6.f3 b5 7.Nh3 c5 8.Be2 Bb7 9.d5 Qc7
10.O-O Ngf6 11.Bh6 O-O 12.Nd1 e6 13.Bxg7 Kxg7 14.dxe6 fxe6 15.c4 bxc4 16.Bxc4 d5
17.Nf4 Qe5 18.exd5 exd5 19.Bb3 c4 20.Bc2 Nb6 21.Ne3 Rfe8  0-1

[Event "ch-IND National A"]
[Site "Calicut IND"]
[Date "2003.12.09"]
[Round "9"]
[White "Roy Chowdhury,S"]
[Black "Koneru,H"]
[Result "1-0"]
[WhiteElo "2421"]
[BlackElo "2485"]

1.e4 g6 2.d4 Bg7 3.Nc3 d6 4.Be3 a6 5.a4 b6 6.Bc4 e6 7.Nf3 Bb7 8.d5 e5 9.Qe2 Nd7
10.Bd3 Ne7 11.h4 h6 12.Nd2 O-O 13.h5 f5 14.f3 f4 15.Bf2 g5 16.Na2 a5 17.Bb5 Nf6
18.O-O-O Nc8 19.Nf1 Na7 20.g4 fxg3 21.Nxg3 Nxb5 22.axb5 Bc8 23.Be3 Ne8 24.Nc3 Bf6
25.Rdg1 Ng7 26.Nd1 Be7 27.Nf2 Bd7 28.Ng4 Kh7 29.Kb1 Qc8 30.c4 Rf7 31.Nf1 Qf8
32.Nd2 Qd8 33.Kc2 Rf8 34.Qg2 a4 35.Kb1 Be8 36.Rh3 Bf7 37.Rg3 Qd7 38.Nxh6 Nxh5
39.Rxg5 Bxg5 40.Qxg5 Be8 41.Nf7  1-0